000 00977nam a2200265Ia 4500
003 GCL
008 140319s9999 xx 000 0 ara d
040 _aGCL /
_cGCL
082 0 4 _aق
_b920.5
_bس ش
100 1 _aسليمان صالح
245 1 0 _aالشيخ على يوسف وجريدة المؤيد : تاريخ الحركة الوطنية فى ربع قرن (37) /
_cسليمان صالح
260 _a[S.N] :
_bالهيئة المصرية العامة للكتاب ،
_c1990
300 _a215 ص
490 _aتاريخ المصريين
_v0
650 0 4 _aالعصر الحديث
650 0 4 _aمصر
650 0 4 _aتاريخ
650 0 4 _aالمقاومة الشعبية
650 0 4 _aالصحافة المصرية
650 0 4 _aالصحفيون المصريون
650 0 4 _aالاحتلال البريطانى
650 0 4 _aمصر - تاريخ - العصر الحديث - ثورة 1919
650 0 4 _aالصحفيون - تراجم
942 _2ddc
_cBK
999 _c53028
_d53028